| 000 | 01947nam0a2200373 4500 | ||
|---|---|---|---|
| 001 | RU\NLR\BIBL_A\012912492 | ||
| 005 | 20240731102804.0 | ||
| 010 |
_a978-5-907462-51-9 _930 |
||
| 021 |
_aRU _bКН-П-22-059883 _9КН-П-22-5193 |
||
| 035 | _a(NLR Aleph) 012912492 | ||
| 035 | _a(RuMoRGB)011196219 | ||
| 090 |
_a12618588 _c12618588 |
||
| 100 | _a20221018d2022 u y0rusy50 ca | ||
| 101 | 0 | _arus | |
| 102 | _aRU | ||
| 105 | _a |||z|||000gy | ||
| 181 | 0 |
_ai3 _baxxe |
|
| 182 | 0 | _an | |
| 200 | 1 |
_aНегасимый свет _e[стихотворения] _eсборник _fТатьяна Горчакова |
|
| 203 |
_aТекст _bвизуальный _cнепосредственный |
||
| 210 |
_aТула _cТППО _d2022 |
||
| 215 |
_a82 с. _cил. _d21 |
||
| 300 | _aНа 4-й с. обл. авт.: Горчакова (Гречишкина) Татьяна Владимировна | ||
| 320 | _aБиблиогр. на 4-й с. обл. | ||
| 320 | _aДр. произведения авт. на 4-й с. обл. | ||
| 330 | _aСборник Татьяны Горчаковой "Негасимый свет" собрал в себе самые насущные темы, над которыми неустанно размышляет автор. Она знает своего читателя, понимает, что в наше непростое время всех волнует то, о чем она говорит словами поэзии. Книга предназначена для массового читателя | ||
| 675 |
_a821.161.1-1 _v4 |
||
| 686 | 2 | _aШ6(2=Р)8-5 | |
| 700 | 1 |
_7ca _8rus _aГорчакова _bТ. В. _f1957- _gТатьяна Владимировна _9270494 _3RU\NLR\AUTH\770270550 |
|
| 942 | _cBOOK | ||
| 980 | _aNB | ||